| 000 | 00418cam a2200193ua 4500 | ||
|---|---|---|---|
| 001 | 9258 | ||
| 005 | 20260515114439.0 | ||
| 008 | 150224n ii |||gr||||Z||||||asm | ||
| 040 | _cMAIN | ||
| 041 | _aasm | ||
| 082 | _a160 | ||
| 100 |
_aDas, J., _eAuthor. |
||
| 245 | 1 |
_aLogic and philosophy _cBy J. Das |
|
| 250 | _a2nd. | ||
| 260 |
_aGuwahati: _bAssam, _c2006. |
||
| 300 | _a288p. | ||
| 653 | _aLogic | ||
| 942 | _cBK | ||
| 999 |
_c8318 _d8318 |
||